000 00441nam a22001457a 4500
008 160509b xxu||||| |||| 00| 0 eng d
040 _aBSU
_cBSU
_dBSU
082 _222
_aR615.1HEA
245 _aAnnual Pharmaceutical sector performance report 2013-2014
_cMinistry of Health
260 _aKampala, Uganda
_bMinistry of Health
_c2015
300 _aix, 34p.;
_bill.;
_c29cm
650 _2Pharmaceuticals
658 _aMedicine
942 _2ddc
_cPER
999 _c10607
_d10607